Kuusi lähintä maata - Jemen - Statistics

Yleistilastot
  • Tätä visaa on pelattu 18 kertaa
  • Keskiarvotulos 5 / 6
Vastaustilastot
km maa % Oikein
0 Oman
100%
0 Saudi-Arabia
100%
133 Somalia
94%
29 Eritrea
81%
20 Djibouti
75%
109 Etiopia
63%
Ehtoja vastaavia visoja ei löytynyt
Tulosjakauma
Jokaisen tuloksen saaneiden osuus
Persentiili vastausten määrän mukaan
Tuloshistoriasi
Et ole pelannut tätä visaa